Normal view
MARC view
- نور، محمد عبدالمنعم
Entry Personal Name
001 - CONTROL NUMBER
- control field: 13516
003 - CONTROL NUMBER IDENTIFIER
- control field: JO-AjAnu
005 - DATE AND TIME OF LATEST TRANSACTION
- control field: 20230606072448.0
008 - FIXED-LENGTH DATA ELEMENTS
- fixed length control field: 230606|| aca||aabn | a|a d
040 ## - CATALOGING SOURCE
- Original cataloging agency: JO-AjAnu
- Transcribing agency: JO-AjAnu
100 ## - HEADING--PERSONAL NAME
- Personal name: نور، محمد عبدالمنعم
670 ## - SOURCE DATA FOUND
- Source citation: Work cat.: (JO-AjAnu)6954: نور، محمد عبدالمنعم, author, الخدمة الاجتماعية الطبية والتأهيل